000 01045nam a22002537a 4500
005 20110810094115.0
008 110810t xxu||||| |||| 00| 0 mar d
010 _aMAR-21234
020 _c140.00
_a9788172946692
035 _aMR-13892
037 _bDBAD/PUB
040 _aDPL
_bMR
082 _a891.463
100 _932250
_aशिरवळकर,सुहास
245 _aगिधाड /
_cसुहास शिरवळकर
246 _aGidhad
_bby Suhas Shilvalkar
260 _aपुणे
_bदिलीपराज प्रकाशन
_c2008
270 _a251 क, शनिवार पेठ
_bपुणे
_e411030
300 _a142पृ.
_c18सेमी(अजिल्द)
650 _aमराठी कादंबरी
_932964
650 _aMarathi Fiction
_932965
942 _2ddc
_cMR
_h891.463
_mशिरव
999 _c55649
_d55649